<?xml version="1.0" encoding="UTF-8"?>
<record
    xmlns:xsi="http://www.w3.org/2001/XMLSchema-instance"
    xsi:schemaLocation="http://www.loc.gov/MARC21/slim http://www.loc.gov/standards/marcxml/schema/MARC21slim.xsd"
    xmlns="http://www.loc.gov/MARC21/slim">

  <leader>01297nam a2200289 a 4500</leader>
  <controlfield tag="001">40707</controlfield>
  <controlfield tag="003">BD-RjUL</controlfield>
  <controlfield tag="005">20211209053252.0</controlfield>
  <controlfield tag="008">160509s1980    bg ||||| |||| 00| 0 ben d</controlfield>
  <datafield tag="020" ind1=" " ind2=" ">
    <subfield code="c">: TK 20.00 </subfield>
  </datafield>
  <datafield tag="035" ind1=" " ind2=" ">
    <subfield code="a">(BD-RjUL)40822</subfield>
  </datafield>
  <datafield tag="040" ind1=" " ind2=" ">
    <subfield code="a">BD-RjUL</subfield>
    <subfield code="b">ben </subfield>
    <subfield code="c">BD-RjUL</subfield>
  </datafield>
  <datafield tag="041" ind1=" " ind2=" ">
    <subfield code="a">ben </subfield>
  </datafield>
  <datafield tag="082" ind1=" " ind2=" ">
    <subfield code="2">23 </subfield>
    <subfield code="a">297.648 </subfield>
    <subfield code="b">NAS 1980 </subfield>
  </datafield>
  <datafield tag="100" ind1="1" ind2=" ">
    <subfield code="a">&#x9A8;&#x9A6;&#x9AD;&#x9C0;, &#x9AE;&#x988;&#x9A8; &#x989;&#x9A6;&#x9CD;&#x9A6;&#x9C0;&#x9A8; &#x9B8;&#x9BE;&#x9B9;&#x9C7;&#x9AC;</subfield>
    <subfield code="9">123562</subfield>
  </datafield>
  <datafield tag="245" ind1="1" ind2="0">
    <subfield code="a">&#x9B8;&#x9BE;&#x9B9;&#x9BE;&#x9AC;&#x9BE; &#x99A;&#x9B0;&#x9BF;&#x9A4; : &#x9E7; /</subfield>
    <subfield code="c">&#x9AE;&#x9C2;&#x9B2;: &#x989;&#x9B0;&#x9CD;&#x9A6;&#x9C2; &#x9B8;&#x982;&#x995;&#x9B2;&#x9A8; : &#x9AE;&#x988;&#x9A8; &#x989;&#x9A6;&#x9CD;&#x9A6;&#x9C0;&#x9A8; &#x9B8;&#x9BE;&#x9B9;&#x9C7;&#x9AC; &#x9A8;&#x9A6;&#x9AD;&#x9C0; ; &#x985;&#x9A8;&#x9C1;&#x9AC;&#x9BE;&#x9A6;: &#x986;&#x996;&#x9A4;&#x9BE;&#x9B0; &#x9AB;&#x9BE;&#x9B0;&#x9C1;&#x995; </subfield>
  </datafield>
  <datafield tag="250" ind1=" " ind2=" ">
    <subfield code="a">&#x9E8;&#x9AF;&#x9BC; &#x9B8;&#x982;. </subfield>
  </datafield>
  <datafield tag="260" ind1=" " ind2=" ">
    <subfield code="a">&#x9A2;&#x9BE;&#x995;&#x9BE; :</subfield>
    <subfield code="b">&#x987;&#x9B8;&#x9B2;&#x9BE;&#x9AE;&#x9BF;&#x995; &#x9AB;&#x9BE;&#x989;&#x9A3;&#x9CD;&#x9A1;&#x9C7;&#x9B6;&#x9A8; &#x9AC;&#x9BE;&#x982;&#x9B2;&#x9BE;&#x9A6;&#x9C7;&#x9B6; </subfield>
    <subfield code="c">&#x9E7;&#x9EF;&#x9EE;&#x9E6; </subfield>
  </datafield>
  <datafield tag="300" ind1=" " ind2=" ">
    <subfield code="a">&#x9AA;&#x9BE;&#x9B0;&#x9CD;&#x99F; ; </subfield>
    <subfield code="c">&#x9E8;&#x9E7; &#x9B8;&#x9C7;&#x9AE;&#x9BF;. </subfield>
  </datafield>
  <datafield tag="490" ind1=" " ind2=" ">
    <subfield code="a">&#x987;. &#x9AB;&#x9BE;. &#x9AA;&#x9CD;&#x9B0;&#x995;&#x9BE;&#x9B6;&#x9A8;&#x9BE; ;</subfield>
    <subfield code="v">&#x9E9;&#x9EA;</subfield>
  </datafield>
  <datafield tag="505" ind1="0" ind2=" ">
    <subfield code="a">&#x9AA;&#x9BE;&#x9B0;&#x9CD;&#x99F;-&#x9E7;, &#x996;&#x9CB;&#x9B2;&#x9BE;&#x9AB;&#x9BE;&#x9AF;&#x9BC;&#x9C7; &#x9B0;&#x9BE;&#x9B6;&#x9C7;&#x9A6;&#x9C0;&#x9A8; --</subfield>
  </datafield>
  <datafield tag="650" ind1=" " ind2=" ">
    <subfield code="a">&#x9B8;&#x9BE;&#x9B9;&#x9BE;&#x9AC;&#x9BE; </subfield>
    <subfield code="x">&#x99C;&#x9C0;&#x9AC;&#x9A8;&#x9C0; </subfield>
    <subfield code="9">236887</subfield>
  </datafield>
  <datafield tag="650" ind1=" " ind2=" ">
    <subfield code="a">Sahaba (Companions) </subfield>
    <subfield code="x">Biography</subfield>
    <subfield code="9">236888</subfield>
  </datafield>
  <datafield tag="700" ind1=" " ind2=" ">
    <subfield code="a">&#x9AB;&#x9BE;&#x9B0;&#x9C1;&#x995;, &#x986;&#x996;&#x9A4;&#x9BE;&#x9B0;, &#x985;&#x9A8;&#x9C1;&#x9AC;&#x9BE;&#x9A6;&#x995;</subfield>
    <subfield code="9">236889</subfield>
  </datafield>
  <datafield tag="830" ind1=" " ind2=" ">
    <subfield code="a">&#x987;. &#x9AB;&#x9BE;. &#x9AA;&#x9CD;&#x9B0;&#x995;&#x9BE;&#x9B6;&#x9A8;&#x9BE; ;</subfield>
    <subfield code="v">&#x9E9;&#x9EA;</subfield>
    <subfield code="9">228218</subfield>
  </datafield>
  <datafield tag="942" ind1=" " ind2=" ">
    <subfield code="2">ddc</subfield>
    <subfield code="c">BK</subfield>
  </datafield>
  <datafield tag="999" ind1=" " ind2=" ">
    <subfield code="c">40707</subfield>
    <subfield code="d">40707</subfield>
  </datafield>
  <datafield tag="952" ind1=" " ind2=" ">
    <subfield code="0">0</subfield>
    <subfield code="1">0</subfield>
    <subfield code="2">ddc</subfield>
    <subfield code="4">0</subfield>
    <subfield code="7">0</subfield>
    <subfield code="8">NFIC</subfield>
    <subfield code="a">RUCL</subfield>
    <subfield code="b">RUCL</subfield>
    <subfield code="c">Stack</subfield>
    <subfield code="d">1983-10-30</subfield>
    <subfield code="e">Islamic Sanskitik kendro, Rajshahi </subfield>
    <subfield code="g">20.00</subfield>
    <subfield code="l">0</subfield>
    <subfield code="o">B 297.648 NAS Pt-1 1980</subfield>
    <subfield code="r">2016-05-09 00:00:00</subfield>
    <subfield code="t">C-2</subfield>
    <subfield code="w">2021-12-09</subfield>
    <subfield code="y">BK</subfield>
  </datafield>
</record>
